Meilleurs joueurs des 75 ans de la NBA - Statistiques

Statistiques générales
  • Ce quiz a été pris 526 fois
  • Le résultat moyen est 42 sur 76
Statistiques - réponses
Équipe notable Joueur % Correct
Cavs / Heat / Lakers LeBron James
96%
Warriors Stephen Curry
95%
Bulls Michael Jordan
91%
Bucks / Lakers Kareem Abdul-Jabbar
90%
Thunder / Warriors / Nets / Suns Kevin Durant
88%
Celtics Larry Bird
87%
Thunder / Rockets / Nets / 76ers / Clippers James Harden
86%
Lakers Kobe Bryant
85%
Magic / Lakers / Heat Shaquille O'Neal
84%
Bucks Giánnis Antetokoúnmpo
83%
Lakers Jerry West
83%
Spurs Tim Duncan
83%
Thunder / Wizards / Lakers / Clippers Russell Westbrook
81%
Warriors/ 76ers / Lakers Wilt Chamberlain
81%
Lakers Magic Johnson
80%
Trail Blazers / Bucks Damian Lillard
79%
Spurs / Raptors / Clippers Kawhi Leonard
79%
Bulls Scottie Pippen
78%
Hornets-Pelicans / Lakers Anthony Davis
77%
Celtics Bill Russell
75%
Hornets / Clippers / Rockets /Suns / Warriors Chris Paul
75%
Jazz Karl Malone
75%
Rockets / 76ers / Bullets / Hawks Moses Malone
75%
Nuggets / Knicks Carmelo Anthony
74%
Timberwolves / Cletics Kevin Garnett
74%
Pistons / Spurs / Bulls Dennis Rodman
73%
76ers / Nuggets Allen Iverson
72%
Spurs David Robinson
72%
Mavs Dirk Nowitzki
72%
Heat Dwyane Wade
71%
Rockets Hakeem Olajuwon
71%
Pistons Isiah Thomas
67%
Jazz John Stockton
67%
Bucks / Celtics / Heat Ray Allen
67%
Knicks Patrick Ewing
66%
76ers / Suns Charles Barkley
65%
Mavs / Suns Steve Nash
65%
Royals / Bucks Oscar Robertson
63%
Celtics Paul Pierce
61%
Pacers Reggie Miller
60%
Mavs / Suns / Nets Jason Kidd
58%
SuperSonics Gary Payton
56%
76ers Julius Erving
56%
Hawks Bob Pettit
54%
Celtics Bob Cousy
51%
Trail Blazers / Rockets Clyde Drexler
51%
Hawks Dominique Wilkins
47%
Celtics John Havlicek
47%
Lakers Elgin Baylor
45%
Spurs George Gervin
39%
Trail blazers Bill Walton
38%
Lakers James Worthy
38%
Celtics Kevin McHale
38%
Celtics Robert Parish
38%
Warriors Rick Barry
34%
Braves / Knicks / Lakers Bob McAdoo
32%
Rockets / Bullets Elvin Hayes
32%
Bullets Wes Unseld
32%
Knicks Willis Reed
32%
Knicks Walt Frazier
31%
Celtics Sam Jones
30%
Lakers George Mikan
29%
Hawks / Jazz Pete Maravich
28%
Celtics Dave Cowens
22%
Warriors Nate Thurmond
19%
Warriors Paul Arizin
19%
Royals-Kings / Celtics Nate Archibald
17%
76ers Billy Cunningham
16%
Nationals-76ers Dolph Schayes
16%
Nationals-76ers Hal Greer
16%
Bullets / Knicks Earl Monroe
15%
Pistons / Knicks Dave DeBusschere
13%
Pistons / Bullets Dave Bing
12%
Hawks / SuperSonics Lenny Wilkens
11%
Royals / Warriors / Knicks Jerry Lucas
10%
Celtics Bill Sharman
7%
Aucun quiz correspondant
Distribution des résultats
% des personnes avec chaque résultat
Percentile par nombre de réponses
Votre historique - résultats
Vous n’avez pas pris ce quiz